[Event "GRE-chT U16"]
[Site "Thessaloniki"]
[Date "2019.11.28"]
[Round "1.1"]
[White "Vlachos, Georgios"]
[Black "Potoulis, Ioannis"]
[Result "1/2-1/2"]
[WhiteElo "1515"]
[BlackElo "1468"]
[PlyCount "72"]
[EventDate "2019.11.28"]
[EventType "team-swiss"]
[EventRounds "6"]
[EventCountry "GRE"]
[SourceTitle "CBM 193 Extra"]
[Source "ChessBase"]
[SourceDate "2020.01.31"]
[SourceVersion "1"]
[SourceVersionDate "2020.01.31"]
[SourceQuality "1"]
[WhiteTeam "Argonaftis"]
[BlackTeam "Thessaloniki Galaxias"]
[WhiteTeamCountry "GRE"]
[BlackTeamCountry "GRE"]

1. e4 c5 2. c3 Nf6 3. e5 Nd5 4. d4 cxd4 5. cxd4 Nc6 6. Nf3 e6 7. Bd3 d6 8. a3 Be7 9. 0-0 0-0 10. exd6 Qxd6 11. Nbd2 Rd8 12. Ne4 Qc7 13. Be3 Bd7 14. Rc1 Qb6 15. Qe2 Be8 16. Nc5 Bf6 17. b4 Nce7 18. Nd2 Ng6 19. g3 Rab8 20. b5 Qd6 21. Nde4 Qe7 22. Nxf6+ Qxf6 23. h4 Qe7 24. Bg5 f6 25. Bd2 Nf8 26. Rfe1 Bf7 27. h5 b6 28. Na6 Rbc8 29. Nb4 Nxb4 30. Bxb4 Qd7 31. Rxc8 Rxc8 32. Qd1 Rd8 33. Bc3 Rc8 34. Bb2 Qd5 35. h6 Bh5 36. g4 Bf7 1/2-1/2

[Event "Thessaloniki/Chalkidiki-chT"]
[Site "Thessaloniki/Chalkidiki"]
[Date "2019.02.17"]
[Round "5.9"]
[White "Potoulis, Ioannis"]
[Black "Kyparissopoulos, Spyridon"]
[Result "1/2-1/2"]
[WhiteElo "1493"]
[BlackElo "1222"]
[PlyCount "81"]
[EventDate "2019.01.13"]
[EventType "team-tourn"]
[EventRounds "9"]
[EventCountry "GRE"]
[SourceTitle "EXT 2020"]
[Source "ChessBase"]
[SourceDate "2019.10.17"]
[SourceVersion "1"]
[SourceVersionDate "2019.10.17"]
[SourceQuality "1"]
[WhiteTeam "Galaxias"]
[BlackTeam "Thessaloniki Aris"]
[WhiteTeamCountry "GRE"]
[BlackTeamCountry "GRE"]

1. e4 c6 2. d4 d5 3. Nc3 dxe4 4. Nxe4 Bf5 5. Ng3 Bg6 6. Nf3 Nf6 7. Ne5 e6 8. h4 Bd6 9. h5 Bxe5 10. hxg6 Bxd4 11. gxf7+ Kxf7 12. Qf3 Qa5+ 13. c3 Qe5+ 14. Be2 Bb6 15. 0-0 Rf8 16. Rd1 Bc7 17. Be3 Kg8 18. Bd4 Qf4 19. Bc4 Nd5 20. Qe2 Re8 21. Bxd5 cxd5 22. Qb5 Nc6 23. Qxb7 Nxd4 24. Rxd4 Qf7 25. Qa6 Rab8 26. Rd2 Bf4 27. Re2 Rb6 28. Qd3 Reb8 29. b3 Rc8 30. Rae1 Rbc6 31. Rc2 Bxg3 32. Qxg3 Qf6 33. c4 dxc4 34. Rxc4 Rxc4 35. bxc4 Re8 36. Qa3 Qd4 37. c5 Rf8 38. Qe3 Qxe3 39. Rxe3 Rc8 40. Ra3 Rc7 41. Kf1 1/2-1/2

[Event "Thessaloniki/Chalkidiki-chT"]
[Site "Thessaloniki/Chalkidiki"]
[Date "2019.01.20"]
[Round "2.9"]
[White "Karagiannis, Emmanouil"]
[Black "Potoulis, Ioannis"]
[Result "0-1"]
[WhiteElo "1344"]
[BlackElo "1493"]
[PlyCount "88"]
[EventDate "2019.01.13"]
[EventType "team-tourn"]
[EventRounds "9"]
[EventCountry "GRE"]
[SourceTitle "EXT 2020"]
[Source "ChessBase"]
[SourceDate "2019.10.17"]
[SourceVersion "1"]
[SourceVersionDate "2019.10.17"]
[SourceQuality "1"]
[WhiteTeam "Moudanion"]
[BlackTeam "Galaxias"]
[WhiteTeamCountry "GRE"]
[BlackTeamCountry "GRE"]

1. e4 c6 2. Nc3 d5 3. Nf3 Nf6 4. e5 Ne4 5. d4 Nxc3 6. bxc3 e6 7. Bd3 Be7 8. 0-0 0-0 9. Be3 c5 10. c4 cxd4 11. Bxd4 dxc4 12. Bxc4 Qc7 13. Bd3 Nc6 14. Qe2 Nxd4 15. Nxd4 Rd8 16. Qe4 g6 17. Rab1 a6 18. Rb3 Qc5 19. Nf3 Qa5 20. a4 Rb8 21. Rfb1 b6 22. Qc4 Qc5 23. Qxc5 Bxc5 24. Nd2 Bb7 25. Ne4 Bxe4 26. Bxe4 Rd2 27. Rf1 Rd4 28. Bc6 Rc4 29. Rc1 Bxf2+ 30. Kxf2 Rxc6 31. c3 Rc5 32. Rcb1 b5 33. axb5 Rbxb5 34. Rxb5 axb5 35. Rc1 Rxe5 36. c4 Rc5 37. Ke3 Rxc4 38. Rxc4 bxc4 39. Kd4 c3 40. Kxc3 Kg7 41. Kd4 Kf6 42. Ke4 h5 43. g3 e5 44. h3 Ke6 0-1

[Event "GRE-ch U10"]
[Site "Greece"]
[Date "2014.07.05"]
[Round "2"]
[White "Stratigos, Spiros"]
[Black "Potoulis, Ioannis"]
[Result "1-0"]
[WhiteElo "1420"]
[BlackElo "1164"]
[PlyCount "145"]
[EventDate "2014.07.04"]
[EventType "swiss"]
[EventRounds "9"]
[EventCountry "GRE"]
[SourceTitle "EXT 2017"]
[Source "ChessBase"]
[SourceDate "2016.10.25"]
[SourceVersion "1"]
[SourceVersionDate "2016.10.25"]
[SourceQuality "1"]

1. e4 c5 2. d4 cxd4 3. c3 dxc3 4. Nxc3 e6 5. Nf3 Nc6 6. Bc4 d6 7. 0-0 Nf6 8. Qe2 e5 9. Rd1 Be7 10. Bg5 0-0 11. Nb5 Ne8 12. Bxe7 Qxe7 13. Rac1 a6 14. Nc3 Nf6 15. Bd5 Be6 16. Bxe6 fxe6 17. Ng5 Rad8 18. Qc4 Rfe8 19. Ne2 d5 20. exd5 exd5 21. Qb3 Kh8 22. Nc3 Qd7 23. Na4 Nd4 24. Rxd4 exd4 25. Nc5 Rc8 26. h3 Qc7 27. Nd3 Qd7 28. Rd1 Ne4 29. Nf3 Rc4 30. Nfe5 Qb5 31. Nxc4 dxc4 32. Qxb5 axb5 33. f3 Kg8 34. fxe4 cxd3 35. Rxd3 Rxe4 36. Kf2 Kf7 37. Kf3 Re3+ 38. Rxe3 dxe3 39. Kxe3 Ke6 40. Ke4 Kd6 41. Kd4 Kc6 42. Ke5 Kd7 43. Kd5 b6 44. g4 g6 45. h4 h6 46. b4 h5 47. gxh5 gxh5 48. a3 Kc7 49. Ke5 Kc6 50. Kf5 Kd5 51. Kf6 Kd6 52. Kg5 Ke5 53. Kxh5 Kf5 54. Kh6 Kf6 55. Kh7 Kf7 56. h5 Kf6 57. Kg8 Kg5 58. Kf7 Kxh5 59. Ke6 Kg6 60. Kd6 Kf6 61. Kc6 Ke7 62. Kxb6 Kd8 63. Kxb5 Kc8 64. a4 Kb7 65. a5 Kb8 66. Kb6 Ka8 67. Kc7 Ka7 68. b5 Ka8 69. a6 Ka7 70. b6+ Ka8 71. b7+ Ka7 72. b8Q+ Kxa6 73. Qb6# 1-0